| 000 | 00822nam a2200253 a 4500 | ||
|---|---|---|---|
| 001 | 8200 | ||
| 003 | BD-RjUL | ||
| 005 | 20211208234536.0 | ||
| 008 | 500101s1962 us a b 000 0 eng d | ||
| 035 | _a(BD-RjUL) 8245 | ||
| 040 |
_aBD-RjUL _beng _cBD-RjUL _dBD-RjUL |
||
| 041 | _aeng | ||
| 082 |
_a519.5021 _bOWH 1962 _223 |
||
| 100 | 1 |
_aOwen, D. B. _q(Donald Bruce), _d1922- _925536 |
|
| 245 | 1 | 0 |
_aHandbook of statistical tables / _cD.B. Owen |
| 260 |
_aReading, Mass. ; _aLondon : _bAddison-Wesley Pub. Co, _cc1962 |
||
| 300 |
_a580 p : _bill. ; _c24 cm |
||
| 490 | 0 | _aAddison-Wesley series in statistics | |
| 504 | _aIncludes bibliography and index. | ||
| 650 | 0 |
_aStatistics _vCharts, diagrams, etc. _925537 |
|
| 740 | 0 | _aStatistical tables | |
| 830 |
_aAddison-Wesley series in statistics _9154686 |
||
| 942 |
_2ddc _cBK |
||
| 999 |
_c8200 _d8200 |
||